Counties of Romania (1927-1938) on a Map - Statistics

General Stats
  • This quiz has been taken 66 times
  • The average score is 26 of 71
Answers on the Map
Answers color-coded by a green-red scale on the quiz's map according to % correct below.
 
Answer Stats
Counties % Correct
Timiş-Torontal
86%
Cluj
79%
Constanţa
79%
Iaşi
71%
Arad
64%
Alba
61%
Suceava
61%
Argeş
57%
Bihor
57%
Botoşani
57%
Satu Mare
57%
Neamţ
54%
Bălţi
50%
Brăila
50%
Braşov
50%
Hunedoara
50%
Maramureş
50%
Olt
50%
Sibiu
50%
Vâlcea
50%
Bacău
46%
Dâmboviţa
46%
Gorj
46%
Mehedinţi
46%
Mureş
46%
Prahova
46%
Teleorman
46%
Tulcea
46%
Buzău
43%
Caraş
43%
Dolj
43%
Ialomiţa
43%
Ilfov
43%
Năsăud
43%
Sălaj
43%
Severin
43%
Vaslui
43%
Soroca
39%
Cahul
36%
Baia
32%
Făgăraş
32%
Ismail
32%
Turda
32%
Cernăuţi
29%
Orhei
29%
Rădăuţi
29%
Câmpulung
25%
Cetatea Albă
25%
Hotin
25%
Roman
25%
Ciuc
21%
Dorohoi
21%
Tecuci
21%
Tighina
21%
Muscel
18%
Romanaţi
18%
Someş
18%
Trei Scaune
18%
Durostor
14%
Odorhei
14%
Râmnicu Sărat
14%
Târnava Mare
14%
Târnava Mică
14%
Vlaşca
14%
Caliacra
11%
Covurlui
11%
Putna
11%
Storojineţ
11%
Lăpuşna
7%
Tutova
7%
Fălciu
4%
No matching quizzes found
Score Distribution
Percent of People with Each Score
Percentile by Number Answered
Your Score History
You have not taken this quiz